000 00628nam a2200241Ia 4500
003 0100
008 130307s9999 xx 000 0 und d
020 _a1570753482
040 _cARRUPELIB
050 _aBS1140.2.C427 2001
100 _aCeresko, Anthony R
245 _aIntroduction to the Old Testament
245 _ba liberation perspective
250 _aRev. and expanded ed.
260 _aMaryknoll
260 _bOrbis Books
260 _cc2001.
300 _axxi
300 _b384 p. : ill. maps 24 cm.
650 _aBIBLE
650 _bMissions--Theory--History of doctrines--20th century
942 0 0 _01
999 _c96962
_d96962